000 002930000a22001210004500
100 1 _aBarzel, Shlomoh
245 1 0 _aEl Dios creador
300 _aVol.62, núm.286 (2007), Página 16
500 _aGenesis 1:1-5
650 1 4 _aDIOS CREADOR
773 0 _tLa Biblia de las Américas
942 _cANA
999 _c62617
_d62617